Mechanics of machines (Record no. 82837)

MARC details
000 -LEADER
fixed length control field 00729nam a2200193 a 4500
008 - FIXED-LENGTH DATA ELEMENTS--GENERAL INFORMATION
fixed length control field 120416s1984 ||||||||||||||||| || u
020 ## - INTERNATIONAL STANDARD BOOK NUMBER
International Standard Book Number 0713134712
050 ## - LIBRARY OF CONGRESS CALL NUMBER
Classification number TJ 170 Han
100 ## - MAIN ENTRY--PERSONAL NAME
Personal name Hannah, J
245 10 - TITLE STATEMENT
Title Mechanics of machines
246 ## -
-- elementary theory and examples
250 ## - EDITION STATEMENT
Edition statement 4th ed.
260 ## - PUBLICATION, DISTRIBUTION, ETC.
Place of publication, distribution, etc. London
Name of publisher, distributor, etc. Arnold
Date of publication, distribution, etc. 1984
350 ## -
-- 0.00
650 ## - SUBJECT ADDED ENTRY--TOPICAL TERM
Topical term or geographic name entry element MECHANICS
650 ## - SUBJECT ADDED ENTRY--TOPICAL TERM
Topical term or geographic name entry element MACHINERY
995 ## -
-- MAIN LIBRARY OPEN ACCESS
-- 0.00
-- 733761
-- CBU-MAIN LIBRARY (Kitwe)
-- 1
-- 12.95
-- TJ 170 Han
-- 1
-- AVAILABLE
-- 46124
-- Main Library Open Access Collection
995 ## -
-- MAIN LIBRARY OPEN ACCESS
-- 0.00
-- 733762
-- CBU-MAIN LIBRARY (Kitwe)
-- 2
-- 12.95
-- TJ 170 Han
-- 2
-- AVAILABLE
-- 45774
-- Main Library Open Access Collection
999 ## -
-- 82837
-- 82837
Holdings
Withdrawn status Lost status Source of classification or shelving scheme Damaged status Not for loan Permanent Location Current Location Shelving location Date acquired Total Checkouts Full call number Barcode Date last seen Copy number Price effective from Koha item type
          CBU-MAIN LIBRARY, KITWE. CBU-MAIN LIBRARY, KITWE.   09/29/2023   TJ 170 Han 46124 09/29/2023 1 09/29/2023 MONOGRAPH
          CBU-MAIN LIBRARY, KITWE. CBU-MAIN LIBRARY, KITWE.   09/29/2023   TJ 170 Han 45774 09/29/2023 2 09/29/2023 MONOGRAPH